[Event "DEM U12w 2022"]
[Site "Willingen GER"]
[Date "2022.06.11"]
[Round "9"]
[White "Chandrasekher, Ritu"]
[Black "Leicher, Anna"]
[Result "0-1"]
[Termination "normal"]
[Board "13"]
[WhiteElo "1312"]
[BlackElo "1223"]
[PlyCount "92"]
[WhiteFideId "34609024"]
[BlackFideId "34614966"]
[EventCountry "GER"]
[EventRounds "9"]
[EventType "swiss"]
[EventDate "2022.06.04"]

1. e4 e5 2. Nf3 Nc6 3. Bc4 Bc5 4. c3 Nf6 5. d3 O-O 6. Bg5 h6 7. Bh4 d6 8. Nbd2
Be6 9. O-O Nb8 10. Bxe6 fxe6 11. Qb3 Qc8 12. d4 exd4 13. cxd4 Bb6 14. a4 a5 15.
Rac1 Nc6 16. d5 exd5 17. exd5 Nd4 18. Nxd4 Bxd4 19. Nf3 Bc5 20. Rfe1 Ra6 21.
Qd3 Nh5 22. Re7 Nf4 23. Qe4 Qg4 24. Bg3 Nh3+ 25. Kf1 Qh5 26. Qh4 Qxh4 27. Bxh4
Rb6 28. Rb1 Nf4 29. Rd1 Rc8 30. g3 Nh3 31. Kg2 Nxf2 32. Rd2 Ng4 33. Rd7 Ne3+
34. Kh1 Nc4 35. Re2 Be3 36. Bd8 Rxb2 37. Rxb2 Nxb2 38. Bxc7 b6 39. Bxd6 Nxa4
40. Be7 b5 41. d6 g5 42. Rb7 Nb6 43. d7 Nxd7 44. Rxd7 Rc1+ 45. Kg2 g4 46. Ne5
Rg1# 0-1

[Event "DEM U12w 2022"]
[Site "Willingen GER"]
[Date "2022.06.11"]
[Round "9"]
[White "Zhou, Jenny"]
[Black "Ignatova, Gabriela"]
[Result "1-0"]
[Termination "normal"]
[Board "14"]
[WhiteElo "1272"]
[BlackElo "1170"]
[PlyCount "77"]
[WhiteFideId "16280229"]
[BlackFideId "34623698"]
[EventCountry "GER"]
[EventRounds "9"]
[EventType "swiss"]
[EventDate "2022.06.04"]

1. e4 c5 2. Nf3 Nc6 3. d4 cxd4 4. Nxd4 g6 5. Nc3 Bg7 6. Be3 Nf6 7. Bc4 Qa5 8.
O-O O-O 9. Re1 d6 10. h3 a6 11. Bb3 Nxd4 12. Bxd4 Bh6 13. Bxf6 exf6 14. Qxd6
Qg5 15. Re3 Qe5 16. Qxe5 fxe5 17. Rg3 Kg7 18. Bd5 Rb8 19. Rd1 f5 20. a3 Rd8 21.
Rgd3 b5 22. Bb3 Rxd3 23. Rxd3 Bb7 24. exf5 gxf5 25. Rd7+ Kf8 26. Rxh7 Bg7 27.
h4 e4 28. Rh5 f4 29. Rf5+ Ke7 30. Rf7+ Kd6 31. Rxg7 e3 32. fxe3 fxe3 33. h5 Bc6
34. h6 Re8 35. h7 e2 36. Nxe2 Rxe2 37. h8=Q Bd5 38. Qd8+ Kc6 39. Qc7# 1-0

[Event "DEM U12w 2022"]
[Site "Willingen GER"]
[Date "2022.06.11"]
[Round "9"]
[White "Milman, Sophie"]
[Black "Zhou, Leyi Charlotte"]
[Result "0-1"]
[Termination "normal"]
[Board "15"]
[WhiteElo "1202"]
[BlackElo "1315"]
[PlyCount "118"]
[WhiteFideId "34608885"]
[BlackFideId "16258100"]
[EventCountry "GER"]
[EventRounds "9"]
[EventType "swiss"]
[EventDate "2022.06.04"]

1. e4 e5 2. Nf3 Nf6 3. Nc3 Bb4 4. d3 d5 5. exd5 Nxd5 6. Bd2 O-O 7. Be2 Nc6 8.
O-O Nxc3 9. Bxc3 Bxc3 10. bxc3 Re8 11. Re1 Bf5 12. h3 h6 13. Bf1 Qd7 14. Qd2
Rad8 15. Rad1 Qe6 16. a3 Bg6 17. Qe2 Qe7 18. Kh1 Qxa3 19. c4 Qd6 20. Kg1 Kh8
21. Kh1 Qe7 22. Kg1 f5 23. Rb1 b6 24. Kh1 e4 25. dxe4 fxe4 26. Nd2 Qg5 27. Nb3
Bh5 28. Qe3 Qxe3 29. Rxe3 Nb4 30. Rc1 Rf8 31. Kg1 a5 32. Rc3 Na2 33. g4 Bxg4
34. hxg4 Nxc3 35. Re1 Rf4 36. Bh3 Rdf8 37. Rf1 Ne2+ 38. Kg2 e3 39. f3 Nc3 40.
c5 e2 41. Re1 Rxf3 42. cxb6 Rf2+ 43. Kg1 cxb6 44. Nd4 a4 45. Ne6 R8f6 46. Nd4
a3 47. Nb3 a2 48. Bg2 Nb1 49. Na1 Nd2 50. Bh3 Rf1+ 51. Bxf1 Rxf1+ 52. Rxf1
exf1=Q+ 53. Kh2 Qxa1 54. c4 Qe5+ 55. Kg2 Qe4+ 56. Kh2 Qxg4 57. c5 bxc5 58. Kh1
a1=R+ 59. Kh2 Nf3# 0-1

[Event "DEM U12w 2022"]
[Site "Willingen GER"]
[Date "2022.06.11"]
[Round "9"]
[White "Nalam, Mokshadha"]
[Black "Kopylov, Diana"]
[Result "1/2-1/2"]
[Termination "normal"]
[Board "16"]
[WhiteElo "1185"]
[BlackElo "1110"]
[PlyCount "68"]
[WhiteFideId "34623566"]
[BlackFideId "16268865"]
[EventCountry "GER"]
[EventRounds "9"]
[EventType "swiss"]
[EventDate "2022.06.04"]

1. e4 c5 2. Nf3 d6 3. Bb5+ Bd7 4. Bxd7+ Qxd7 5. c4 Nf6 6. Nc3 g6 7. d3 Bg7 8.
O-O O-O 9. h3 Nc6 10. Be3 Rab8 11. Nh2 Ne5 12. f4 Nc6 13. a3 a6 14. Rb1 b6 15.
Nf3 Rfd8 16. d4 cxd4 17. Nxd4 Rbc8 18. Nd5 Qb7 19. Nxc6 Rxc6 20. Qd3 Rdc8 21.
Rfc1 Kf8 22. b3 b5 23. Nb4 R6c7 24. Nd5 Nxd5 25. cxd5 Rxc1+ 26. Rxc1 Rxc1+ 27.
Bxc1 Qc7 28. Qd2 Bh6 29. Qb2 f6 30. g3 Qc8 31. Kh2 Kf7 32. Bd2 Qc5 33. Bb4 Qe3
34. Qc2 Qb6 1/2-1/2

[Event "DEM U12w 2022"]
[Site "Willingen GER"]
[Date "2022.06.11"]
[Round "9"]
[White "Le, Thao-Linh"]
[Black "Rössling, Laura Marie"]
[Result "0-1"]
[Termination "normal"]
[Board "17"]
[WhiteElo "1093"]
[BlackElo "1063"]
[PlyCount "82"]
[WhiteFideId "16279131"]
[BlackFideId "16289471"]
[EventCountry "GER"]
[EventRounds "9"]
[EventType "swiss"]
[EventDate "2022.06.04"]

1. e4 e5 2. Nf3 Nc6 3. Bc4 Bc5 4. c3 Nf6 5. d4 exd4 6. O-O O-O 7. cxd4 Bb6 8.
d5 Na5 9. Bd3 h6 10. Bd2 c6 11. Qc1 Ng4 12. h3 Bxf2+ 13. Kh1 cxd5 14. hxg4 dxe4
15. Bxe4 Bb6 16. Bxh6 Qf6 17. Bg5 Qe6 18. Bf5 Qd6 19. Bf4 Qb4 20. g3 Qa4 21.
Kg2 g6 22. Be4 Qxe4 23. Rh1 Qe2+ 24. Kh3 Qxf3 25. Rf1 Qd5 26. Qc3 Bd4 27. Qd2
d6 28. Nc3 Qh5+ 29. Kg2 Bxc3 30. Qxc3 Qd5+ 31. Kh2 Bxg4 32. Qf6 Qh5+ 33. Kg1
Nc4 34. Rf2 Rfe8 35. Rc1 Ne5 36. Bxe5 Qxe5 37. Qxf7+ Kh8 38. Rc7 Qxg3+ 39. Kh1
Re1+ 40. Rf1 Rxf1+ 41. Qxf1 Bf3+ 0-1

[Event "DEM U12w 2022"]
[Site "Willingen GER"]
[Date "2022.06.11"]
[Round "9"]
[White "Janssen, Mareike"]
[Black "John, Linnea"]
[Result "1/2-1/2"]
[Termination "normal"]
[Board "18"]
[WhiteElo "1022"]
[BlackElo "1306"]
[PlyCount "48"]
[WhiteFideId "34607145"]
[BlackFideId "34623680"]
[EventCountry "GER"]
[EventRounds "9"]
[EventType "swiss"]
[EventDate "2022.06.04"]

1. e4 c5 2. Nf3 Nc6 3. c3 d5 4. exd5 Qxd5 5. Bb5 Nf6 6. O-O Bg4 7. Be2 e6 8. d3
Be7 9. Be3 O-O 10. h3 Bh5 11. Nbd2 Rad8 12. c4 Qd7 13. Nb3 b6 14. Bf4 Bxf3 15.
Bxf3 Nb4 16. Nc1 Nxd3 17. Nxd3 Qxd3 18. Bc7 Qxd1 19. Rfxd1 Rxd1+ 20. Rxd1 Rc8
21. Be5 Rd8 22. Re1 Rd2 23. Bc6 Bd6 24. Bc3 Rd3 1/2-1/2

[Event "DEM U12w 2022"]
[Site "Willingen GER"]
[Date "2022.06.11"]
[Round "9"]
[White "Mader, Theresa"]
[Black "Rafikova, Ailin"]
[Result "1/2-1/2"]
[Termination "normal"]
[Board "19"]
[WhiteElo "1339"]
[BlackElo "1273"]
[PlyCount "71"]
[WhiteFideId "34605657"]
[BlackFideId "34612173"]
[EventCountry "GER"]
[EventRounds "9"]
[EventType "swiss"]
[EventDate "2022.06.04"]

1. d4 d5 2. c4 e6 3. Nc3 Be7 4. cxd5 exd5 5. Nf3 c6 6. Bf4 Bd6 7. Bxd6 Qxd6 8.
e3 Bf5 9. Be2 Nf6 10. Nh4 Bg6 11. Nxg6 hxg6 12. h3 Nbd7 13. Bd3 O-O-O 14. Qe2
Rde8 15. O-O-O Kb8 16. Kb1 Nh5 17. Qf3 Qf6 18. Qe2 Nf4 19. Qf1 Nxd3 20. Rxd3
Qf5 21. Ka1 Nf6 22. Rd2 Rh7 23. Qd1 Ne4 24. Nxe4 dxe4 25. Rg1 g5 26. Qe2 Reh8
27. Qf1 g4 28. hxg4 Qxg4 29. Rc2 Rh2 30. Rc5 f5 31. a3 g5 32. Ka2 f4 33. Re5 f3
34. gxf3 Qxf3 35. Rgxg5 Rxf2 36. Qc1 1/2-1/2

[Event "DEM U12w 2022"]
[Site "Willingen GER"]
[Date "2022.06.11"]
[Round "9"]
[White "Mo, Keyou"]
[Black "Fomenkova, Elina"]
[Result "0-1"]
[Termination "normal"]
[Board "20"]
[WhiteElo "1150"]
[BlackElo "933"]
[PlyCount "64"]
[WhiteFideId "34623582"]
[BlackFideId "34623760"]
[EventCountry "GER"]
[EventRounds "9"]
[EventType "swiss"]
[EventDate "2022.06.04"]

1. e4 d5 2. exd5 Qxd5 3. Nc3 Qa5 4. d4 c6 5. Nf3 Nf6 6. Bd2 Qc7 7. Bc4 Bg4 8.
h3 Bh5 9. Qe2 Nbd7 10. O-O-O e6 11. g4 Bg6 12. a3 O-O-O 13. Be3 Kb8 14. Qd2 Bd6
15. Rhg1 Ne4 16. Nxe4 Bxe4 17. Ng5 Bg6 18. h4 h5 19. gxh5 Bxh5 20. Rde1 Rhg8
21. f4 Nb6 22. Bb3 Nd5 23. Bxd5 cxd5 24. Bf2 Bg6 25. Nxe6 fxe6 26. Rxg6 Bxf4
27. Be3 Bxe3 28. Qxe3 Rde8 29. Rxe6 Rc8 30. Re2 Rgf8 31. Re7 Rf1+ 32. Re1 Qxc2#
0-1

[Event "DEM U12w 2022"]
[Site "Willingen GER"]
[Date "2022.06.11"]
[Round "9"]
[White "Altmeyer, Hannah"]
[Black "Wolf, Anna"]
[Result "0-1"]
[Termination "normal"]
[Board "21"]
[WhiteElo "754"]
[BlackElo "1218"]
[PlyCount "76"]
[WhiteFideId "34623892"]
[BlackFideId "34616993"]
[EventCountry "GER"]
[EventRounds "9"]
[EventType "swiss"]
[EventDate "2022.06.04"]

1. e4 e6 2.Qe2 Bc5 3. Nf3 Nc6 4. d3 h6 5. Be3 Qe7 6. d4 Bb6 7. Nc3 Qb4 8. O-O-O
a5 9. Bd2 Qe7 10. Qe1 Nxd4 11. Nxd4 Bxd4 12. Bb5 Nf6 13. e5 Ng4 14. f4 Nf2 15.
Bc4 Nxh1 16. Qxh1 Bxc3 17. Bxc3 a4 18. b3 a3 19. g3 c6 20. Qe4 Rb8 21. Be2 b5
22. Bb4 Qd8 23. Bxa3 Qa5 24. Kb2 b4 25. Bxb4 Rxb4 26. Rd4 Rxd4 27. Qxd4 O-O 28.
Bd3 Ba6 29. c4 Ra8 30. Kc2 Qxa2+ 31. Kc3 Qa1+ 32. Kb4 Qxd4 33. Bf1 Qd2+ 34. Kc5
Qf2+ 35. Kd6 Qd4+ 36. Ke7 Qc5+ 37. Kxd7 Ra7+ 38. Kd8 Qe7# 0-1